| 000 | 00439nam a2200145 a 4500 | ||
|---|---|---|---|
| 001 | 000025101 | ||
| 005 | 20200930023550.0 | ||
| 008 | 110210s1947 dr 000 0 spa d | ||
| 040 |
_aDO-SdBNP _bspa _cBNPHU |
||
| 100 | 1 |
_aVicente Pepper, José _951489 |
|
| 245 | 1 | 0 |
_aFichas del romulato / _cJosé Vicente Pepper. |
| 260 |
_aCiudad Trujillo, República Dominicana : _bEditora Montalvo, _c1947. |
||
| 300 |
_a391 p. ; _c23 cm. |
||
| 049 | _aBNPD | ||
| 999 |
_c24594 _d24594 |
||